[Event "Dortmund op-A"]
[Site "Dortmund"]
[Date "1993.??.??"]
[Round "2"]
[White "Fischdick, Gisela"]
[Black "Schebler, Gerhard"]
[Result "1/2-1/2"]
[WhiteElo "2265"]
[BlackElo "2365"]

1.d4 d6 2.e4 Nf6 3.Nc3 c6 4.Nf3 Bg4 5.Be2 e6 6.O-O d5 7.exd5 cxd5 8.Bf4 Nc6
9.Ne5 Bxe2 10.Nxe2 Rc8 11.c3 Be7 12.Qb3 Qb6 13.Qxb6 axb6 14.Nc1 Ne4 15.f3 Nd6
16.Ncd3 Na5 17.Rae1 Nac4 18.Re2 Nxe5 19.Bxe5 O-O 20.Bxd6 Bxd6 21.f4 g6 22.g3 Rfe8
23.Rfe1 Re7 24.Kg2 Ra8  1/2-1/2

[Event "Dortmund op-A"]
[Site "Dortmund"]
[Date "1993.??.??"]
[Round "5"]
[White "Fischdick, Gisela"]
[Black "Modrova, Hana"]
[Result "1-0"]
[WhiteElo "2265"]
[BlackElo "2025"]

1.d4 d6 2.e4 Nf6 3.Nc3 c6 4.h3 Nbd7 5.Nf3 e5 6.a4 a5 7.Be2 Be7 8.O-O O-O
9.Re1 Re8 10.Bf1 Bf8 11.Be3 exd4 12.Bxd4 Qc7 13.Nd2 h6 14.Nc4 Nxe4 15.Nxe4 d5
16.Nb6 dxe4 17.Nxa8 Qd6 18.Be3 Qf6 19.Nb6 Nxb6 20.Bxb6 Qg6 21.Re3 Bd6 22.Qd4 Bf4
23.Rae1 Bf5 24.Qc3 Be5 25.Bd4 Bf4 26.Qxa5 Qd6 27.Qxf5  1-0

[Event "Dortmund op-A"]
[Site "Dortmund"]
[Date "1993.??.??"]
[Round "6"]
[White "Koscielski, Janusch"]
[Black "Schmaltz, Roland"]
[Result "0-1"]
[WhiteElo "2315"]
[BlackElo "2390"]

1.e4 d6 2.d4 Nf6 3.Nc3 e5 4.Nf3 Nbd7 5.Bc4 Be7 6.O-O O-O 7.Re1 c6 8.a4 b6
9.Bg5 Bb7 10.Qd2 a6 11.Bb3 b5 12.axb5 axb5 13.Rxa8 Bxa8 14.dxe5 Nxe5 15.Rd1 Nxf3+
16.gxf3 b4 17.Ne2 Qa5 18.Ng3 g6 19.Bh6 Nd7 20.Bxf8 Bxf8 21.f4 Nb6 22.f5 c5
23.Bd5 Bxd5 24.exd5 Nc4 25.Qf4 Nxb2 26.Re1 b3 27.Re8 bxc2 28.Qh6 Qe1+ 29.Rxe1 Bxh6
30.Ne2 Nd3 31.Ra1 gxf5 32.Ra6 Nf4 33.Nc1 Nh3+ 34.Kg2 Bxc1  0-1

[Event "Dortmund op-A"]
[Site "Dortmund"]
[Date "1993.??.??"]
[Round "8"]
[White "Dietrich, Ralf"]
[Black "Liebau, Andreas"]
[Result "1-0"]
[WhiteElo "2295"]
[BlackElo "2225"]

1.e4 d6 2.d4 Nf6 3.Nc3 e5 4.Nf3 Nbd7 5.Bc4 Be7 6.O-O O-O 7.Re1 c6 8.a4 b6
9.d5 c5 10.h3 a6 11.g4 Ne8 12.Ne2 Rb8 13.Ng3 b5 14.axb5 axb5 15.Bf1 Nc7 16.Nf5 Nb6
17.Nxe5 dxe5 18.Nxe7+ Qxe7 19.d6 Qd8 20.dxc7 Qxc7 21.Bxb5 Rd8 22.Qe2 Be6
23.Be3 c4 24.c3 Nd7 25.Ra7 Qc8 26.Ra5 h5 27.Bxd7 Qxd7 28.Rxe5 hxg4 29.Bd4 gxh3
30.Rg5 h2+ 31.Kh1 Rb5 32.Rxg7+ Kf8 33.Qe3 Rh5 34.Rg5 Rxg5 35.Qxg5 f6 36.Qxf6+ Ke8
37.Bc5 Qf7 38.Qxf7+ Kxf7 39.Kxh2 Rd2 40.Rb1 Re2 41.Be3 Bd7 42.b4 cxb3 43.Rxb3 Bc6
44.Rb4 Rc2 45.Rc4 Ba8 46.Kg3 Ke6 47.Kf4 Bb7 48.Rc7  1-0

[Event "Dos Hermanas"]
[Site "Dos Hermanas"]
[Date "1993.??.??"]
[Round "1"]
[White "Fernandez Garcia, Jose L"]
[Black "Rivas Pastor, Manuel"]
[Result "0-1"]
[WhiteElo "2475"]
[BlackElo "2515"]

1.e4 d6 2.d4 Nf6 3.Nc3 c6 4.f4 Qb6 5.Nf3 Bg4 6.e5 Nd5 7.Nxd5 cxd5 8.c3 e6
9.Bd3 Be7 10.h3 Bxf3 11.Qxf3 Nc6 12.h4 O-O-O 13.Qe2 h5 14.Be3 Kb8 15.Bf2 Ka8
16.b4 Rc8 17.O-O Qd8 18.Qe1 dxe5 19.dxe5 f6 20.exf6 Bxf6 21.Rc1 Qd6 22.Bc5 Qd7
23.Qf2 d4 24.c4 Ne7 25.Rfd1 Rhd8 26.Rc2 Nf5 27.Bxf5 exf5 28.Rcd2 Qa4 29.Qf3 g6
30.Bxd4 Qxb4 31.Qe3 Re8 32.Qg3 Bxd4+ 33.Rxd4 a6 34.Qb3 Qc5 35.Kh2 Qe7 36.Qg3 Rc6
37.Rd7 Qf6 38.Qg5 Qxg5 39.hxg5 Rxc4 40.Rd8+ Rxd8 41.Rxd8+ Ka7 42.Kg3 a5 43.Rd6 Rc6
44.Rd5 Ka6 45.a4 b6 46.Kh3 Re6 47.g3 Kb7 48.Rd8 Kc6 49.Rc8+ Kd5 50.Rc1 Kd6
51.Rc8 Kd7 52.Rc4 Rd6 53.Kg2 Rc6 54.Rd4+ Kc7 55.Rd2 Rc5 56.Re2 Kd6 57.Rd2+ Rd5
58.Rb2 Kc6 59.Rc2+ Rc5 60.Re2 Kd5 61.Rd2+ Kc6 62.Rd8 Rd5 63.Rg8 Rd6 64.Rc8+ Kb7
65.Re8 b5 66.axb5 Kb6 67.Rb8+ Kc5 68.Kf3 Re6 69.b6 Rxb6 70.Ra8 Kb4 71.Ke3 a4
72.Kd2 Kb3 73.Kc1 Rc6+ 74.Kb1 Rc3 75.Rb8+ Ka3 76.Rg8 Rxg3 77.Rxg6 h4 78.Rh6 h3
79.Kc2 Kb4 80.g6 Kc4 81.Kb2 Kd4  0-1

[Event "Dos Hermanas"]
[Site "Dos Hermanas"]
[Date "1993.??.??"]
[Round "3"]
[White "Yudasin, Leonid"]
[Black "Rivas Pastor, Manuel"]
[Result "1/2-1/2"]
[WhiteElo "2610"]
[BlackElo "2515"]

1.e4 d6 2.d4 Nf6 3.Nc3 Nbd7 4.f4 e5 5.Nf3 exd4 6.Qxd4 c6 7.e5 dxe5 8.fxe5 Bc5
9.Qh4 Qe7 10.Bf4 Bb4 11.O-O-O Bxc3 12.exf6 Bxf6 13.Qg3 O-O 14.Bc4 Qb4 15.Bb3 Nc5
16.Bd6 Bf5 17.Bxf8 Rxf8 18.Rhf1 Nxb3+ 19.axb3 Bxc2  1/2-1/2

[Event "Dos Hermanas"]
[Site "Dos Hermanas"]
[Date "1993.??.??"]
[Round "9"]
[White "Polgar, Judit"]
[Black "Fernandez Garcia, Jose L"]
[Result "1-0"]
[WhiteElo "2595"]
[BlackElo "2475"]

1.e4 d6 2.d4 Nf6 3.Nc3 Nbd7 4.Be3 e5 5.f3 c6 6.Qd2 Be7 7.O-O-O Qa5 8.g4 b5
9.Kb1 Nb6 10.b3 Rb8 11.Qe1 b4 12.Nce2 Be6 13.g5 Nfd7 14.f4 exf4 15.Nxf4 Na4
16.Nge2 Bc4 17.Bd2 Bxg5 18.Rg1 Bxe2 19.Nxe2 Bxd2 20.Rxd2 Nc3+ 21.Nxc3 bxc3
22.Rd3 O-O 23.Qh4 Qd8 24.Qh3 g6 25.Rxc3 Nf6 26.Bg2 Re8 27.Qh6 Rb4 28.d5 cxd5
29.exd5 Ng4 30.Qd2 Qb6 31.Rf1 Rd4 32.Qg5 Re5 33.Qh4 Qb4 34.Rc8+ Kg7 35.Qxh7+ Kxh7
36.Rxf7+ Kh6 37.Rh8+  1-0

[Event "Drobeta"]
[Site "Drobeta"]
[Date "1993.??.??"]
[Round "?"]
[White "Tomescu, Vlad"]
[Black "Baciu Ionescu, Otilia"]
[Result "1/2-1/2"]
[WhiteElo "2435"]
[BlackElo "2160"]

1.e4 d6 2.d4 Nf6 3.Nc3 e5 4.Nf3 Nbd7 5.Bc4 Be7 6.O-O O-O 7.Re1 c6 8.a4 a5
9.h3 h6 10.Be3 Nh7 11.dxe5 dxe5 12.Ne2 Ng5 13.Ng3 g6 14.Nd2 Kg7 15.Nb3 Nb6
16.Be2 Ne6 17.Qxd8 Bxd8 18.Red1 Nd7 19.Bc4 Re8 20.Rd2 Bb6 21.Bxe6 Rxe6 22.Nf1 Re7
23.f3 f5 24.exf5 gxf5 25.Kf2 f4 26.Bxb6 Nxb6 27.Rd8 Bf5 28.Rxa8 Nxa8 29.c4 b6
30.c5 Rb7 31.Nfd2 bxc5 32.Rc1 c4 33.Rxc4 Nb6 34.Rc5 Nxa4 35.Rxe5 Rb5 36.Re7+ Kf6
37.Ra7 Nxb2 38.Nxa5 Nd3+ 39.Ke2 Ne5 40.Nab3 Bc2 41.Nd4 Bd3+ 42.Ke1 Rd5 43.Ne2 Kf5
44.Rh7 Bb5 45.Nc3 Nd3+ 46.Kd1 Rd6 47.Rf7+ Ke5 48.Rg7 Kd4 49.Ne2+ Ke5 50.Nc3 Nb2+
51.Kc2 Nc4 52.Nde4 Ne3+ 53.Kb3 Bc4+ 54.Kb4 Rd8 55.Kc5 Bd5 56.Rg6 Nf5 57.Nf2 Ne3
58.h4 Rg8 59.Nd3+ Kf5 60.Nxd5 Rxg6 61.Ne7+ Kf6 62.Nxg6 Kxg6 63.Nxf4+ Kf5
64.g3 Nf1 65.Ne2 h5 66.Kxc6 Nd2 67.Nd4+ Ke5 68.Kc5 Nf1 69.g4 hxg4 70.fxg4 Ng3
71.g5 Ne4+ 72.Kc4 Kf4 73.Ne6+ Kg4 74.Kd4 Ng3 75.Ke5 Kxh4 76.g6 Nh5 77.Kf5 Ng3+
78.Kf6 Nh5+ 79.Kf7 Kg4 80.Nd4 Kg5 81.Nf5 Kg4  1/2-1/2

[Event "Drobeta"]
[Site "Drobeta"]
[Date "1993.??.??"]
[Round "?"]
[White "Seder, Nicolae"]
[Black "Baciu Ionescu, Otilia"]
[Result "1-0"]
[WhiteElo "2235"]
[BlackElo "2160"]

1.e4 d6 2.d4 Nf6 3.Nc3 e5 4.dxe5 dxe5 5.Qxd8+ Kxd8 6.Bc4 Be6 7.Bxe6 fxe6
8.Nf3 Bd6 9.Bg5 a6 10.Rd1 Ke7 11.Bh4 Nc6 12.O-O h6 13.Bg3 g5 14.Nd2 b5 15.a4 Nd4
16.Nf3 Nxf3+ 17.gxf3 Rhb8 18.b3 Nd7 19.Ra1 c6 20.Nd1 Nf8 21.h4 h5 22.hxg5 Ng6
23.Ne3 Rg8 24.Kg2 Nf4+ 25.Kh2 Ne2 26.Ng2 Nd4 27.Ne1 h4 28.Bxh4 Rh8 29.Kh3 Kf7
30.Rd1 Be7 31.Kg4 Rag8 32.f4 Ne2 33.Nf3 exf4 34.Rfe1 Nc3 35.Rd3 Bb4 36.Ne5+ Ke8
37.Nxc6 Bc5 38.Rd8+ Kf7 39.Ne5+ Ke7 40.Rxg8 Rxg8 41.axb5 axb5 42.Nd3 Bd4
43.Nxf4 Rc8 44.Ne2  1-0

[Event "Drobeta"]
[Site "Drobeta"]
[Date "1993.??.??"]
[Round "?"]
[White "Hristodorescu, Daniel"]
[Black "Baciu Ionescu, Otilia"]
[Result "1-0"]
[WhiteElo "2335"]
[BlackElo "2160"]

1.e4 d6 2.d4 Nf6 3.Nc3 e5 4.Nf3 Nbd7 5.g3 g6 6.Bg2 Bg7 7.O-O O-O 8.h3 Re8
9.Re1 c6 10.a4 Qc7 11.Be3 b6 12.d5 cxd5 13.Nxd5 Nxd5 14.Qxd5 Bb7 15.Qa2 Rac8
16.Rac1 Nc5 17.Nd2 Bc6 18.a5 Qb7 19.b4 Nd7 20.c4 Nf8 21.axb6 axb6 22.b5 Bd7
23.Qa6 Qxa6 24.bxa6 b5 25.Bf1 b4 26.a7 Ne6 27.Rb1 Bf8 28.Bb6 Bc6 29.Rxb4 d5
30.Rb2 d4 31.Ra1 Ba8 32.Ra5 Bd6 33.f3 f5 34.Bd3 Rf8 35.Rbb5 Bc6 36.Rb1 Ba8
37.Kg2 Kg7 38.h4 Rf7 39.c5 Be7 40.Ba6 Rcf8 41.Bc4 Rf6 42.Bd5  1-0

[Event "BCF-ch"]
[Site "Dundee"]
[Date "1993.??.??"]
[Round "2"]
[White "Roberts, Paul"]
[Black "Rowson, Jonathan"]
[Result "1-0"]
[WhiteElo "2195"]
[BlackElo "2325"]

1.e4 d6 2.d4 Nf6 3.Nc3 e5 4.Nf3 Nbd7 5.Bc4 Be7 6.O-O O-O 7.Re1 c6 8.a4 b6
9.Bg5 a6 10.Qe2 h6 11.Bh4 Nh7 12.Bg3 Ng5 13.Rad1 b5 14.Nxg5 Bxg5 15.Bb3 Qb6
16.axb5 axb5 17.d5 Nc5 18.dxc6 Nxb3 19.cxb3 b4 20.Nd5 Qxc6 21.h4 Bd8 22.Nxb4 Qb6
23.Qc4 Rb8 24.Nc6 Ba6 25.Qc3 Rc8 26.Rxd6 Qb5 27.Rxd8 Rfxd8 28.Ne7+ Kh7 29.Nxc8 Rxc8
30.Qxe5 Qd3 31.Qd6 Qb5 32.Be5 Re8 33.Bc3 Bb7 34.Qd4 f6 35.f3 Qxb3 36.Qd7 Re6
37.Rd1 Bc6 38.Qd4 Qb5 39.Qf2 Qa4 40.Qd4 Qb5 41.Qd3 Qh5 42.Qc4 Qe8 43.Qc5 Ba4
44.Rd4 Ra6 45.Qf5+ Kg8 46.Ba5  1-0

[Event "Elgoibar"]
[Site "Elgoibar"]
[Date "1993.??.??"]
[Round "1"]
[White "Izeta Txabarri, Felix"]
[Black "Saenz, Juan Jose"]
[Result "1-0"]
[WhiteElo "2510"]
[BlackElo "2305"]

1.e4 d6 2.d4 Nf6 3.Nc3 e5 4.Nf3 Nbd7 5.Bc4 Be7 6.O-O O-O 7.a4 h6 8.Ba2 c6
9.Re1 Nh7 10.Be3 Ng5 11.Nxg5 Bxg5 12.Qd2 Bxe3 13.Rxe3 Qe7 14.Ne2 Nf6 15.Ng3 Be6
16.dxe5 dxe5 17.Bxe6 Qxe6 18.Rd3 Qg4 19.Re1 Qg5 20.Qd1 Nh7 21.Nf5 Rfd8 22.Ree3 Rxd3
23.Rxd3 Qf4 24.Ne7+  1-0

[Event "Elgoibar"]
[Site "Elgoibar"]
[Date "1993.??.??"]
[Round "3"]
[White "Iruzubieta, Jesus Maria"]
[Black "Saenz, Juan Jose"]
[Result "1-0"]
[WhiteElo "2360"]
[BlackElo "2305"]

1.e4 d6 2.d4 Nf6 3.Nc3 e5 4.Nf3 Nbd7 5.Bc4 Be7 6.O-O O-O 7.Re1 c6 8.a4 h6
9.a5 Rb8 10.Bf1 Nh7 11.Be3 Ng5 12.Nd2 exd4 13.Bxd4 Bf6 14.Nc4 Ne5 15.Bxa7 Bg4
16.Qxd6 Nxc4 17.Qxd8 Rbxd8 18.Bxc4 Bd4 19.Bxd4 Rxd4 20.Be2 Be6 21.f3 f5 22.Bd3 f4
23.a6 bxa6 24.Rxa6 Bc4 25.Ra4  1-0

[Event "NLD-ch sf"]
[Site "Enschede"]
[Date "1993.??.??"]
[Round "3"]
[White "Boersma, Paulus A"]
[Black "Hartoch, Robert G"]
[Result "1/2-1/2"]
[WhiteElo "2365"]
[BlackElo "2355"]

1.e4 d6 2.d4 Nf6 3.Nc3 e5 4.Nf3 Nbd7 5.Bc4 Be7 6.O-O O-O 7.Re1 a6 8.a4 b6
9.Ne2 c5 10.dxe5 Nxe5 11.Nxe5 dxe5 12.Nc3 Be6 13.Nd5 Bxd5 14.exd5 Qc7 15.Qe2 Rfd8
16.Bxa6 Nxd5 17.Bc4 Bf6 18.g3 Rd6 19.Rd1 Rad8 20.Bd2  1/2-1/2

[Event "ESP-ch"]
[Site "?"]
[Date "1993.??.??"]
[Round "1"]
[White "Candela Perez, Jose"]
[Black "Izeta Txabarri, Felix"]
[Result "1-0"]
[WhiteElo "2315"]
[BlackElo "2510"]

1.e4 d6 2.d4 Nf6 3.Nc3 Nbd7 4.Nf3 e5 5.Bc4 Be7 6.dxe5 dxe5 7.Bxf7+ Kxf7 8.Ng5+ Kg8
9.Ne6 Qe8 10.Nxc7 Qg6 11.Nxa8 Qxg2 12.Rf1 Nc5 13.Qe2 Bh3 14.Be3 Qxf1+ 15.Qxf1 Bxf1
16.Kxf1 Kf7 17.Nc7 Nfxe4 18.N7d5 Rc8 19.Nxe7 Kxe7 20.Nxe4 Nxe4 21.c3 a6 22.Re1 Kf6
23.Rd1 Ke6 24.Ke2 Nf6 25.Rg1 g6 26.Kd3 b5 27.a4 e4+ 28.Kc2 bxa4 29.Rg5 Nd5
30.Bd4 Nb4+ 31.Kb1 Nc6 32.Rc5 Kd6 33.Be3 Rb8 34.Rc4 Kd5 35.Rc5+ Kd6 36.Rc4 Re8
37.Rxa4 a5 38.Rc4 Kd5 39.Rc5+ Kd6 40.Rb5 Ke6 41.Kc2 Rf8 42.Rb6 Kd6 43.Kb3 Rf5
44.c4 Kc7 45.c5 Nb4 46.Rb5 Nd3 47.Rxa5 Nxf2 48.Kc4 Ng4 49.Kd4 Rf3 50.Ra3 Nxe3
51.Rxe3 Rf2 52.b4 Rxh2 53.Rxe4 Rd2+ 54.Kc4 h5 55.b5 Rc2+ 56.Kd5 Rd2+ 57.Kc4 Rc2+
58.Kd4 Rd2+ 59.Kc3 Rd1 60.Re7+ Rd7 61.Re6 Rh7 62.Ra6 Kb8 63.b6 h4 64.c6 Rh8
65.b7 Kc7 66.Ra8 Rb8 67.Kc4 h3 68.Kc5  1-0

[Event "ESP-ch"]
[Site "?"]
[Date "1993.??.??"]
[Round "7"]
[White "Gil Gonzales, Jose Manuel"]
[Black "Izeta Txabarri, Felix"]
[Result "1-0"]
[WhiteElo "2355"]
[BlackElo "2510"]

1.e4 d6 2.d4 Nf6 3.Nc3 c6 4.g3 g6 5.Bg2 Bg7 6.Nge2 O-O 7.O-O Nbd7 8.a4 e5
9.a5 exd4 10.Nxd4 Re8 11.a6 Qc7 12.axb7 Bxb7 13.Nb3 a5 14.Re1 Ne5 15.h3 Nfd7
16.Ra2 Nc4 17.Nd2 Nde5 18.Nf1 h6 19.b3 Nd7 20.Na4 Ncb6 21.Bf4 Re6 22.Nxb6 Nxb6
23.h4 Bf8 24.Qd2 h5 25.Ne3 a4 26.bxa4 Rxa4 27.Rxa4 Nxa4 28.Nc4 Ba6 29.Qb4 Bxc4
30.Qxc4 Nb6 31.Qa6 Nd7 32.Rb1 Nc5 33.Qa8 Qe7 34.Rb8 Nd7 35.Rb7 d5 36.Qc8  1-0

[Event "Eupen op"]
[Site "Eupen"]
[Date "1993.??.??"]
[Round "6"]
[White "Khenkin, Igor"]
[Black "Schebler, Gerhard"]
[Result "1-0"]
[WhiteElo "2575"]
[BlackElo "2365"]

1.d4 d6 2.e4 Nf6 3.Nc3 c6 4.f4 Qa5 5.Bd3 Bg4 6.Qd2 e6 7.h3 Qh5 8.Qf2 d5 9.e5 Nfd7
10.Rh2 Be7 11.f5 Bxf5 12.g4 Bxg4 13.hxg4 Qxg4 14.Rg2 Qh5 15.Be2  1-0

[Event "Farum op"]
[Site "Farum"]
[Date "1993.??.??"]
[Round "1"]
[White "Mortensen, Erling"]
[Black "Erlandsen, Carsten"]
[Result "1-0"]
[WhiteElo "2470"]
[BlackElo "2225"]

1.e4 d6 2.d4 Nf6 3.Nc3 e5 4.Nf3 Nbd7 5.Bc4 Be7 6.O-O O-O 7.Re1 c6 8.a4 Qc7
9.a5 Qb8 10.d5 b5 11.axb6 Nxb6 12.Bb3 c5 13.Nd2 a6 14.Na4 Nfd7 15.Nxb6 Nxb6
16.Nc4 Nxc4 17.Bxc4 Qb7 18.Re3 f5 19.Rb3 Qc7 20.exf5 Rxf5 21.Rba3 Bh4 22.g3 Be7
23.Bxa6 Bxa6 24.Rxa6 Rxa6 25.Rxa6 Qb7 26.Rc6 Bf8 27.c4 Qf7 28.Be3 Qb7 29.Qb1 Rf7
30.b4 cxb4 31.Rb6 Qc8 32.Rxb4 Rc7 33.Qb3 Rf7 34.Rb8 Qc7 35.Qb5 Re7 36.c5 dxc5
37.Bxc5 Rf7 38.d6 Qd7 39.Qb6 g6  1-0

[Event "Farum op"]
[Site "Farum"]
[Date "1993.??.??"]
[Round "8"]
[White "Sylvan, Jacob"]
[Black "Erlandsen, Carsten"]
[Result "1-0"]
[WhiteElo "2100"]
[BlackElo "2225"]

1.e4 d6 2.d4 Nf6 3.Nc3 e5 4.Bc4 Be7 5.Nf3 Nbd7 6.O-O O-O 7.Re1 c6 8.a4 Qc7
9.h3 b6 10.d5 cxd5 11.Bxd5 Nxd5 12.Nxd5 Qd8 13.b3 Bb7 14.Ba3 Bxd5 15.Qxd5 Nf6
16.Qd3 Qc7 17.c4 Nd7 18.Red1 Nc5 19.Qc2 Qc6 20.Rd5 a5 21.Nd2 Qd7 22.Bxc5 bxc5
23.Nb1 f5 24.Nc3 Rab8 25.Nb5 fxe4 26.Rad1 Qb7 27.Qxe4 Rf6 28.Qe1 Qb6 29.R1d3 Rbf8
30.f3 Rd8 31.Qd1 Qc6 32.Nc3 Qb6 33.Ne4 Re6 34.Kh1 Rb8 35.Nxd6 Bxd6 36.Rxd6 Rxd6
37.Rxd6 Qxb3 38.Rd8+ Kf7 39.Qd7+ Kg6 40.Qd6+ Kg5 41.Qxe5+  1-0

[Event "Forli op"]
[Site "Forli"]
[Date "1993.??.??"]
[Round "4"]
[White "Pieri, Filippo"]
[Black "Manouck, Thierry"]
[Result "0-1"]
[WhiteElo "2215"]
[BlackElo "2305"]

1.e4 d6 2.d4 Nf6 3.Nc3 Nbd7 4.f4 e5 5.Nf3 exd4 6.Qxd4 c6 7.Be3 d5 8.O-O-O Bc5
9.Qd2 Bxe3 10.Qxe3 dxe4 11.Nxe4 O-O 12.Bc4 Qb6 13.Qxb6 axb6 14.Nxf6+ Nxf6
15.Rhe1 b5 16.Bb3 c5 17.c4 b4 18.Re5 b6 19.Re7 Bg4 20.Rd6 Bxf3 21.gxf3 Rfb8
22.Re5 Kf8 23.Kd2 Rd8 24.Rxd8+ Rxd8+ 25.Ke3 Rd4 26.Rg5 Ne8 27.Rd5 Rxd5 28.cxd5 Ke7
29.a3 bxa3 30.bxa3 Kd6 31.Bc2 Nf6 32.Bb3 g6 33.f5 b5 34.fxg6 hxg6 35.Kf4 Nxd5+
36.Kg5 c4 37.Bc2 Ne3 38.Be4 Ke5 39.Bb1 c3 40.f4+ Ke6  0-1

[Event "Forli op"]
[Site "Forli"]
[Date "1993.??.??"]
[Round "8"]
[White "Loncar, Robert"]
[Black "Manouck, Thierry"]
[Result "1-0"]
[WhiteElo "2440"]
[BlackElo "2305"]

1.e4 d6 2.d4 Nf6 3.Nc3 Nbd7 4.f3 e5 5.Nge2 c6 6.Be3 b5 7.Qd2 b4 8.Nd1 d5
9.Nf2 Be7 10.O-O-O O-O 11.Kb1 Qc7 12.Ng3 Re8 13.Nf5 Bf8 14.g4 dxe4 15.fxe4 exd4
16.Bf4 Ne5 17.Nd3 Bxf5 18.exf5 Bd6 19.Bxe5 Bxe5 20.Nxe5 Rxe5 21.Bc4 c5 22.g5 Ne4
23.Qf4 Re7 24.Qg4 Nd6 25.g6 h6 26.gxf7+ Kh7 27.f6 gxf6 28.Bd5 Rd8 29.Rhg1 Nxf7  1-0

[Event "FRA"]
[Site "FRA"]
[Date "1993.??.??"]
[Round "?"]
[White "Badii, Madjid"]
[Black "Manouck, Thierry"]
[Result "0-1"]
[WhiteElo "2240"]
[BlackElo "2300"]

1.e4 d6 2.d4 Nf6 3.Nc3 Nbd7 4.f4 e5 5.Nf3 exd4 6.Nxd4 g6 7.Be2 Bg7 8.O-O O-O
9.Bf3 Re8 10.Re1 Nc5 11.Nb3 Nfd7 12.Be3 Bxc3 13.bxc3 Nxe4 14.Bd4 Ndf6 15.c4 c5
16.Bb2 h5 17.Re2 Bf5 18.Qe1 Re6 19.h3 Qe7 20.Qh4 Re8 21.Rae1 b6 22.g4 Nxg4
23.Qxe7 R8xe7 24.hxg4 hxg4 25.Rh2 f6 26.Bh1 Kg7 27.Rhe2 Ng3 28.Rxe6 Rxe6
29.Rxe6 Bxe6 30.Nd2 Kf7 31.Ne4 Nxe4 32.Bxe4 Bxc4 33.a3 d5 34.Bg2 Ke6 35.Kf2 a5
36.a4 Ba6 37.Bc1 Bc8 38.Bf1 Bd7 39.Bb5 Bxb5 40.axb5 d4 41.Kg3 f5 42.Bd2 Kd5
43.Kh4 a4  0-1

[Event "FRA"]
[Site "FRA"]
[Date "1993.??.??"]
[Round "?"]
[White "Lecuyer, Christian"]
[Black "Seret, Jean Luc"]
[Result "0-1"]
[WhiteElo "2265"]
[BlackElo "2440"]

1.e4 d6 2.d4 Nf6 3.Nc3 e5 4.Nf3 Nbd7 5.Bc4 Be7 6.O-O O-O 7.Qe2 c6 8.Rd1 Qc7
9.a4 b6 10.h3 a6 11.Bg5 Bb7 12.dxe5 Nxe5 13.Nxe5 dxe5 14.Qf3 Rad8 15.Bb3 Rxd1+
16.Rxd1 Rd8 17.Rxd8+ Bxd8 18.Qd3 b5 19.axb5 axb5 20.Ne2 h6 21.Be3 Be7 22.Ng3 Bf8
23.c4 bxc4 24.Qxc4 g6 25.f4 exf4 26.Bxf4 Bc5+ 27.Qxc5 Qxf4 28.Qb6 Qxg3 29.Qxb7 Qe3+
30.Kh1 Qc1+ 31.Kh2 Qf4+ 32.Kh1 Nxe4 33.Qxc6 Ng3+ 34.Kh2 Ne2+ 35.Kh1 Qf1+  0-1

[Event "FRA"]
[Site "FRA"]
[Date "1993.??.??"]
[Round "?"]
[White "Murrey, Jacob"]
[Black "Morales, Julian"]
[Result "1-0"]
[WhiteElo "2530"]
[BlackElo "2230"]

1.e4 d6 2.d4 Nf6 3.Nc3 c6 4.Bg5 Qa5 5.Qd2 Nbd7 6.f4 e5 7.Nf3 Be7 8.O-O-O O-O
9.Kb1 Bd8 10.Bc4 h6 11.fxe5 dxe5 12.Bxh6 exd4 13.Qxd4 Bb6 14.Qd2 gxh6 15.Qxh6 Qh5
16.Qf4 Qg4 17.Qd2 Nc5 18.Ng5 Be6 19.Nxe6 Nxe6 20.Qh6 Qg5 21.Qh3 Nf4 22.Qf3 Ng6
23.h4 Qf4 24.Qxf4 Nxf4 25.Rhf1 N6h5 26.g4 Ng2 27.Rd2  1-0

[Event "FRA"]
[Site "FRA"]
[Date "1993.??.??"]
[Round "?"]
[White "Levacic, Damir"]
[Black "Dubois, Jean Marie"]
[Result "1/2-1/2"]
[WhiteElo "2385"]
[BlackElo "2300"]

1.d4 d6 2.e4 Nf6 3.Nc3 Nbd7 4.f4 c6 5.e5 Nd5 6.Nxd5 cxd5 7.Bd3 Qb6 8.Nf3 e6
9.a4 g6 10.a5 Qc7 11.Bd2 Be7 12.Rc1 Nb8 13.c4 Nc6 14.cxd5 exd5 15.Qb3 O-O
16.Qxd5 dxe5 17.fxe5 Bb4 18.Bxb4 Nxb4 19.Rxc7 Nxd5 20.Rc5 Nf4 21.Kd2 b6 22.axb6 axb6
23.Rc6 Bb7 24.Rxb6 Rab8 25.Bc4 Nxg2 26.Ng5 Ne3 27.Kxe3 Bxh1 28.Rxb8 Rxb8
29.b3 Rb7 30.d5 h6 31.Nh3 Kf8 32.Nf2 Bg2 33.Nd3 Ra7 34.Nf4 Bh1 35.d6 Ra5
36.Kd4 Ra2 37.e6 Rd2+ 38.Kc5 fxe6 39.Nxe6+ Ke8 40.Bb5+ Kf7 41.Bc4 Kf6 42.b4 Ke5
43.Nd8 Bd5 44.d7 Bxc4 45.Nc6+ Ke4 46.d8=Q Rxd8 47.Nxd8 Bf1 48.Nf7 h5 49.h4 Kf5
50.b5 Bxb5 51.Kxb5 Kg4  1/2-1/2

[Event "FRA"]
[Site "FRA"]
[Date "1993.??.??"]
[Round "?"]
[White "Santo Roman, Marc"]
[Black "Kappler, Jean Marie"]
[Result "1-0"]
[WhiteElo "2410"]
[BlackElo "2300"]

1.e4 d6 2.d4 Nf6 3.Nc3 c6 4.f4 Qa5 5.Qd3 e5 6.Nf3 Nbd7 7.Bd2 b5 8.Nd5 Qd8
9.Nxf6+ gxf6 10.O-O-O Qc7 11.Be2 a5 12.Rhf1 Rg8 13.Nh4 exd4 14.Qxd4 Bb7 15.Bh5 c5
16.Qe3 Nb6 17.e5 O-O-O 18.exd6 Bxd6 19.Bxa5 Kb8 20.g3 Rge8 21.Qb3 Qc6 22.Bf3 c4
23.Bxc6 cxb3 24.axb3 Bxc6 25.Bxb6 Rd7 26.Nf5 Bf8 27.Rfe1 Rc8 28.Rxd7 Bxd7
29.Ne7 Re8 30.Bc5 Kb7 31.b4 Be6 32.Nf5 Bxc5 33.bxc5 Kc6 34.Ng7 Ra8 35.Nxe6 fxe6
36.Rxe6+ Kxc5 37.Rxf6 b4 38.Rh6 Ra7 39.Kd2 Kc4 40.Rc6+ Kd5 41.Rb6  1-0

[Event "FRA"]
[Site "FRA"]
[Date "1993.??.??"]
[Round "?"]
[White "Marciano, David"]
[Black "Peyrat, Olivier"]
[Result "0-1"]
[WhiteElo "2430"]
[BlackElo "2370"]

1.e4 d6 2.d4 Nf6 3.Nc3 Nbd7 4.f4 e5 5.Nf3 exd4 6.Qxd4 c6 7.Be3 Be7 8.O-O-O O-O
9.e5 Ne8 10.Bd3 Nc5 11.f5 Nxd3+ 12.Qxd3 Qa5 13.f6 gxf6 14.Bh6 fxe5 15.Bxf8 Bxf8
16.Ng5 f5 17.Qc4+ d5 18.Nxd5 cxd5 19.Rxd5 Qb4 20.Qxb4 Bxb4 21.Rxe5 Bd7 22.Rd1 Nf6
23.c3 Bf8 24.Kc2 Rc8 25.Ne6 Kf7 26.Nxf8 Rxf8 27.Rc5 Bc6 28.Kb3 Be4 29.Rc7+ Kg6
30.g3 Re8 31.Rd6 Bc6 32.Ka3 Re2 33.b4 Rxh2 34.b5 Be4 35.Re7 Rh6 36.g4 Kg5
37.gxf5 Kxf5 38.Kb4 Rg6 39.c4 h5 40.c5 h4 41.Rf7 h3 42.c6 bxc6 43.bxc6 h2
44.c7 Bb7 45.Rdxf6+ Rxf6 46.Rh7 Rc6 47.Rxh2 Rxc7 48.Kb3 Ke5 49.Rc2 Bd5+ 50.Kb2 Rb7+
51.Ka1 Kd4 52.Rd2+ Kc5 53.Rb2 Rh7 54.Rb1 Bc4 55.Rb2 Kd4 56.Rc2 Bd3 57.Rc1 Ke3
58.Kb2 Kd2 59.Rc3 Rb7+ 60.Rb3 Rc7 61.Ka1 Kc2 62.Rb2+ Kc1 63.Rb3 Bc2 64.Rb5 Rc6
65.Rb4 Rb6 66.a3 Kd2 67.Rc4 Kd3 68.Rc7 Ra6 69.Rc5 Bb3 70.Rc1 Bc2 71.Rg1 Kc3
72.Rg4 Rh6 73.Rg3+ Bd3 74.Ka2 Rh2+ 75.Ka1 Rd2  0-1

[Event "FRA-chT2"]
[Site "FRA"]
[Date "1993.??.??"]
[Round "?"]
[White "Nemirovski, Serge"]
[Black "Loheac Amoun, Frank"]
[Result "1-0"]
[WhiteElo "2225"]
[BlackElo "2225"]

1.e4 d6 2.d4 Nf6 3.Nc3 Nbd7 4.Nf3 e5 5.Bc4 Be7 6.O-O O-O 7.h3 c6 8.a4 b6
9.Qe2 a6 10.Rd1 Qc7 11.Bg5 h6 12.Bh4 Bb7 13.Rd2 b5 14.Bb3 b4 15.Nd1 Rae8
16.dxe5 dxe5 17.Ne3 Nc5 18.Nf5 Ncxe4 19.Bxf6 Nxf6 20.Qxe5 Bd8 21.Qxc7 Bxc7
22.Nd6 Bxd6 23.Rxd6 a5 24.Nd2 Re5 25.Nc4 Rc5 26.Re1 Bc8 27.Ne5 Bf5 28.Rxc6 Rc8
29.Rxc8+ Rxc8 30.Nxf7  1-0

[Event "FRA"]
[Site "FRA"]
[Date "1993.??.??"]
[Round "?"]
[White "Hamdouchi, Hichem"]
[Black "Manouck, Thierry"]
[Result "1/2-1/2"]
[WhiteElo "2460"]
[BlackElo "2300"]

1.e4 d6 2.d4 Nf6 3.Nc3 Nbd7 4.Nf3 e5 5.Bc4 Be7 6.O-O O-O 7.a4 c6 8.Qe2 a5
9.h3 Qe8 10.Be3 Bd8 11.Rfd1 Qe7 12.Ra3 exd4 13.Bxd4 Ne5 14.Nxe5 dxe5 15.Be3 Bc7
16.Bg5 h6 17.Bxf6 Qxf6 18.Rd3 Qe7 19.Rb3 Bd6 20.Nd1 Bc5 21.Rf3 g6 22.Ne3 Kg7
23.Rg3 Kh7 24.Nf1 b6 25.Rbf3 Ra7 26.Ne3 Rd7 27.Bd3 Rd6 28.Nc4 Rf6 29.Rxf6 Qxf6
30.Rf3 Qg5 31.Nd2 Kg7 32.Nb3 Be7 33.Ba6 Bd7 34.Bc4 h5 35.Rd3 Rd8 36.Rg3 Qh6
37.Rd3 Be8 38.Nd2 Qf4 39.g3 Qf6 40.Kg2 Rxd3 41.Qxd3 Qd6 42.Qc3 Qc7 43.Nf3 Bd6
44.Bb3 Qe7 45.h4 Qf6 46.Bc4 Bd7 47.Qd2 Bh3+ 48.Kxh3 Qxf3 49.Kh2 Bc5 50.Qe2 Qxf2+
51.Qxf2 Bxf2 52.Kg2 Be1 53.Ba6 f5 54.exf5 gxf5 55.Bb7 c5 56.Bc6 Kf7 57.Bd7 Kf6
58.Be8 e4 59.Bxh5 f4 60.gxf4 Kf5 61.Kf1 Bxh4 62.c3 Kxf4 63.Ke2 c4  1/2-1/2

[Event "FRA"]
[Site "FRA"]
[Date "1993.??.??"]
[Round "?"]
[White "Djuric, Stefan"]
[Black "Peyrat, Olivier"]
[Result "0-1"]
[WhiteElo "2485"]
[BlackElo "2370"]

1.e4 d6 2.d4 Nf6 3.Nc3 Nbd7 4.f4 e5 5.Nf3 exd4 6.Qxd4 c6 7.Be2 Qb6 8.Qxb6 axb6
9.Nd4 b5 10.Bf3 g6 11.Bd2 Bg7 12.Ndxb5 cxb5 13.Nxb5 Ke7 14.Bb4 Ne8 15.e5 Kd8
16.Nxd6 Nxd6 17.Bxd6 Bf8 18.Bxf8 Rxf8 19.O-O f6 20.exf6 Rxf6 21.g3 Rb6 22.Rab1 Nf6
23.b3 Ra3 24.c4 Kc7 25.Rb2 Rba6 26.Kf2 Ng4+ 27.Kg1 Rd6 28.Re1 b6 29.Re7+ Rd7
30.Re8 Nh6 31.Bd5 Bb7 32.Be6 Rg7 33.Rd2 Ra8 34.Rxa8 Bxa8 35.Kf2 Re7 36.Bh3 Nf5
37.g4 Nd6 38.Re2 Ne4+ 39.Ke1 Kd6 40.Bg2 Kc5 41.f5 gxf5 42.gxf5 Kd4 43.a4 Rf7
44.Bh3 Bc6 45.Ra2 Kc3 46.Re2 Nc5 47.Re3+ Kb4 48.Kf2 Be4 49.Kg3 Bxf5 50.Bg2 Rg7+
51.Kf2 Bc2 52.Re8 Bxb3 53.Rb8 Rg6 54.h4 Kxa4 55.h5 Rh6 56.Kg3 Bxc4 57.Bf3 b5
58.Kh4 Rf6 59.Bg4 h6 60.Bd1+ Kb4 61.Rd8 Kc3 62.Rc8 Ne4 63.Bg4 Rf4 64.Kh3 Nf2+
65.Kg3 Rxg4+ 66.Kxf2 Rg5  0-1